In Search of Ethical Leadership (Record no. 167623)

MARC details
000 -LEADER
fixed length control field 00453nam a22001697a 4500
005 - DATE AND TIME OF LATEST TRANSACTION
control field 20190914121216.0
010 ## - LCCN (DPL NO)
LC control number B-166848
020 ## - INTERNATIONAL STANDARD BOOK NUMBER
International Standard Book Number 817094631X
Terms of availability 190.00
035 ## - SYSTEM CONTROL NUMBER
System control number B-166848
082 ## - DEWEY DECIMAL CLASSIFICATION NUMBER
Classification number 303.34
100 ## - MAIN ENTRY--PERSONAL NAME
Personal name Lala R.M.
245 ## - TITLE STATEMENT
Title In Search of Ethical Leadership
Statement of responsibility, etc R.M.Lala
260 ## - PUBLICATION, DISTRIBUTION, ETC. (IMPRINT)
Place of publication, distribution, etc New Delhi
Name of publisher, distributor, etc Vision Books Pvt. Ltd.
Date of publication, distribution, etc 2006
270 ## - ADDRESS
Address 24 Feroze Gandhi Road Lajpat Nagar III
300 ## - PHYSICAL DESCRIPTION
Extent 200p
Dimensions 21cm
942 ## - ADDED ENTRY ELEMENTS (KOHA)
Source of classification or shelving scheme Dewey Decimal Classification
Item type English Books
Call number prefix 303.34
Call number suffix LAL
Holdings
Withdrawn status Lost status Not for loan Collection code Home library Current library Date acquired Cost, normal purchase price Full call number Barcode Copy number Cost, replacement price Koha item type
      Non-fiction Kasturba Gandhi Marg Kasturba Gandhi Marg 14/09/2019 190.00 LAL B-166848 1 190.00 English Books

© Delhi Public Library
Hit Counter
free hit counter